|
|
|
|
| LEADER |
00000nam0a2200000 4500 |
| 001 |
363072 |
| 005 |
20231102011543.0 |
| 035 |
|
|
|a (RuTPU)RU\TPU\retro\20419
|
| 090 |
|
|
|a 363072
|
| 100 |
|
|
|a 20210916d1979 em y0rusy5003 ca
|
| 101 |
0 |
|
|a rus
|
| 102 |
|
|
|a RU
|
| 105 |
|
|
|a a z 000zy
|
| 200 |
1 |
|
|a Комплексные числа и конформные отображения
|f А. И. Маркушевич
|
| 205 |
|
|
|a 3-е изд.
|
| 210 |
|
|
|a Москва
|c Наука
|d 1979
|
| 215 |
|
|
|a 56 с.
|c ил.
|
| 225 |
1 |
|
|a Популярные лекции по математике
|v Вып. 13
|
| 606 |
1 |
|
|a Числа комплексные
|2 stltpush
|3 (RuTPU)RU\TPU\subj\15023
|9 41322
|
| 606 |
1 |
|
|a Отображения конформные
|2 stltpush
|3 (RuTPU)RU\TPU\subj\15627
|9 41858
|
| 610 |
1 |
|
|a действия
|
| 610 |
1 |
|
|a действительные числа
|
| 610 |
1 |
|
|a геометрическое истолкование
|
| 610 |
1 |
|
|a популярные лекции
|
| 675 |
|
|
|a 511.6
|v 4
|
| 675 |
|
|
|a 517.542
|v 4
|
| 700 |
|
1 |
|a Маркушевич
|b А. И.
|g Алексей Иванович
|
| 801 |
|
0 |
|a RU
|b 63413507
|c 19950704
|g psbo
|
| 801 |
|
1 |
|a RU
|b 63413507
|c 20150821
|
| 801 |
|
2 |
|a RU
|b 63413507
|c 20220321
|g RCR
|
| 942 |
|
|
|c BK
|